书目信息 |
| 题名: |
机械制图
|
|
| 作者: | 郭纪林 , 余桂英 主编 | |
| 分册: | ||
| 出版信息: | 北京 清华大学出版社 2004.9 |
|
| 页数: | XIV,288页 | |
| 开本: | 26cm | |
| 丛书名: | 普通高等教育应用型人才培养系列教材 | |
| 单 册: | ||
| 中图分类: | TH126-43 | |
| 科图分类: | ||
| 主题词: | 机械制图--ji xie zhi tu--高等教育--教材 , 机械制图--ji xie zhi tu | |
| 电子资源: | ||
| ISBN: | 7-302-09400-4 | |
| 000 | 01162cam2 2200289 450 | |
| 001 | 012005098484 | |
| 005 | 20051124110940.19 | |
| 010 | @a7-302-09400-4@dCNY29.50 | |
| 100 | @a20050716d2004 em y0chiy0121 ea | |
| 101 | 0 | @achi |
| 102 | @aCN@b110000 | |
| 105 | @afk z 000yy | |
| 200 | 1 | @a机械制图@Aji xie zhi tu@f郭纪林,余桂英主编 |
| 210 | @a北京@c清华大学出版社@d2004.9 | |
| 215 | @aXIV,288页@c图@d26cm | |
| 225 | 2 | @a普通高等教育应用型人才培养系列教材@Apu tong gao deng jiao yu ying yong xing ren cai pei yang xi lie jiao cai@i机电·模具·数控系列 |
| 330 | @a本书内容包括机械制图的基本知识、正投影的基础知识、立体投影、轴测图、组合体、机件的常用表达方法、标准件和常用件、零件图、装配图等。 | |
| 333 | @a阅读对象:本科院校、高等职业技术学院相关专业师生和工程技术人员等 | |
| 462 | 0 | @12001 @a普通高等教育应用型人才培养系列教材@i机电·模具·数控系列 |
| 606 | 0 | @a机械制图@Aji xie zhi tu@x高等教育@j教材 |
| 606 | 0 | @a机械制图@Aji xie zhi tu |
| 690 | @aTH126-43@v4 | |
| 701 | 0 | @a郭纪林@Aguo ji lin@4主编 |
| 701 | 0 | @a余桂英@Ayu gui ying@4主编 |
| 801 | 0 | @aCN@bSRXX@c20051124 |
| 801 | 2 | @aCN@bSRXX@c20051110 |
| 905 | @a10447@dTH126-43@eG800 | |
| 机械制图/郭纪林,余桂英主编.-北京:清华大学出版社,2004.9 |
| XIV,288页:图;26cm.-(普通高等教育应用型人才培养系列教材.机电·模具·数控系列) |
| 使用对象:阅读对象:本科院校、高等职业技术学院相关专业师生和工程技术人员等 |
| ISBN 7-302-09400-4:CNY29.50 |
| 本书内容包括机械制图的基本知识、正投影的基础知识、立体投影、轴测图、组合体、机件的常用表达方法、标准件和常用件、零件图、装配图等。 |
| ● |
| 相关链接 |
|
|
|
正题名:机械制图
索取号:TH126-43/G800
 
预约/预借
| 序号 | 登录号 | 条形码 | 馆藏地/架位号 | 状态 | 备注 |
| 1 | 545083 | 205450830 | 自科库501/501自科库 36排2列4层/ [索取号:TH126-43/G800] | 在馆 | |
| 2 | 545084 | 205450849 | 期刊室512/501自科库 36排2列4层/ [索取号:TH126-43/G800] | 在馆 | |
| 3 | 545085 | 205450858 | 自科库501/501自科库 36排2列4层/ [索取号:TH126-43/G800] | 在馆 |